Follow That Line: Veronica Mars II Quiz Stats

 Plays Quiz not verified by Sporcle

Score 0/24 Timer 10:00
0 Plays Today
% Correct
Spanning years and continents. Lives ruined, bloodshed. Epic. But summer's almost here, and we won't see each other at all. And then you leave town... and then it's over.
95.3%
Well if you play your cards right... the floor.
95%
I know. I'm going to run him over with my karma.
94.2%
Probably not. But you've seen my standardized test scores. I'm not a particularly smart guy, right?
94.2%
Yes. Exactly that. Except I want my bear won through some sort of demonstration of ring tossing ability.
93.9%
Tonight we eat like the lower middle class to which we aspire.
93.8%
No, seriously, I'm gonna need fifty bucks if you expect me to keep listening.
93.7%
I'll be your, 'If you cannot afford an attorney,' attorney.
93.7%
Force of will, strength of character, tenacity, karate chop...
93%
A monkey with a friend who's a bank representative can do it.
92.4%
That guy is sleazy. So I hope murked means something bad.
91.7%
What's indelicate about shoes?
91.5%
% Correct
It waits for everyone to go to lunch, and sneaks in using a key.
90%
Fulfilling my destiny. It's a sorority party. It's why I left the womb.
89.3%
Sounds like a swell campaign slogan for the next election.
88.1%
You mean, like, if there were total silence? Let's try to imagine it.
87.2%
You are the last good person here at Neptune High. I believe cartoon birds braided your hair this morning.
86.7%
I could be bored to death.
83.6%
If that phrase isn't on the Mars family crest it should be.
82.8%
Yeah, but it's all instinct.
81.8%
Yeah, that. And as kind of a side project, I dispense fashion advice.
80.8%
You know the odd thing? Those were also her very first words.
72.7%
Is it still called déjà vu when something happens more than twice, or is that something different? I'll have to look that up.
71.9%
Hey, your peskiness being unleashed on Conner brings me joy. Annoy, tiny blonde one, annoy like the wind!
68.6%

You're not logged in!

Compare scores with friends on all Sporcle quizzes.
OR
Log In

Show Comments

Extras

Top Quizzes Today


Score Distribution

Your Account Isn't Verified!

In order to create a playlist on Sporcle, you need to verify the email address you used during registration. Go to your Sporcle Settings to finish the process.

Report this User

Report this user for behavior that violates our Community Guidelines.

Details: